[Event "Rottach Egern Seniors Cup 12th"]
[White "Reuter, Roland"]
[Black "Hansult, Manfred"]
[Site "Rottach Egern"]
[Round "4"]
[Result "1-0"]
[Date "2024.04.09"]
[WhiteElo "1942"]
[BlackElo "1839"]
[PlyCount "113"]
[EventDate "2024.04.06"]
[EventType "swiss"]
[EventRounds "9"]
[EventCountry "GER"]
[SourceTitle "CBM 219 Extra"]
[Source "ChessBase"]
[SourceDate "2024.05.31"]
[SourceVersion "1"]
[SourceVersionDate "2024.05.31"]
[SourceQuality "1"]

1. e4 c6 2. d4 d5 3. Nc3 dxe4 4. Nxe4 Bf5 5. Ng3 Bg6 6. Nf3 Nd7 7. Bc4 e6 8. 0-0 Ngf6 9. Bf4 Be7 10. Qe2 0-0 11. Rfe1 Nd5 12. Bxd5 cxd5 13. Qb5 Qc8 14. Rac1 a6 15. Qb3 b5 16. Re3 Nb6 17. Rc3 Nc4 18. a3 Qd7 19. Ne5 Nxe5 20. Bxe5 Rfc8 21. Ne2 Rxc3 22. Qxc3 Rc8 23. Qd2 h6 24. h3 Bd6 25. c3 Bxe5 26. dxe5 Qc7 27. Qe3 Qb8 28. Rd1 a5 29. Rd4 Rc4 30. f4 b4 31. axb4 axb4 32. Rxc4 dxc4 33. Nd4 bxc3 34. bxc3 Qb1+ 35. Kf2 Bd3 36. Qe1 Qb2+ 37. Kf3 Qb7+ 38. Kg3 Qb2 39. Kh2 Kh8 40. Nf3 Qc2 41. Qd2 Qb1 42. Kg3 g6 43. f5 Kh7 44. fxe6 fxe6 45. Qf4 Qb7 46. Qf6 Bf5 47. Nd4 Qe4 48. Nxf5 Qxf5 49. Qxf5 gxf5 50. Kf4 Kg6 51. g3 h5 52. h4 Kh6 53. Ke3 Kg7 54. Kd4 Kg6 55. Kxc4 f4 56. gxf4 Kf5 57. Kd4 1-0

[Event "Arber Seniors op 10th"]
[White "Reuter, Roland"]
[Black "Puehn, Georg"]
[Site "Bodenmais"]
[Round "6"]
[Result "1/2-1/2"]
[Date "2023.08.10"]
[WhiteElo "1847"]
[BlackElo "2007"]
[PlyCount "28"]
[EventDate "2023.08.05"]
[EventType "swiss"]
[EventRounds "9"]
[EventCountry "GER"]
[SourceTitle "EXT 2024"]
[Source "ChessBase"]
[SourceDate "2023.10.10"]
[SourceVersion "1"]
[SourceVersionDate "2023.10.10"]
[SourceQuality "1"]

1. Nf3 Nf6 2. c4 e6 3. g3 d5 4. Bg2 dxc4 5. Qa4+ Nbd7 6. Qxc4 a6 7. d4 Be7 8. 0-0 0-0 9. Nc3 b5 10. Qd3 Bb7 11. Bf4 c5 12. dxc5 Nxc5 13. Qxd8 Rfxd8 14. Ne5 Bxg2 1/2-1/2

[Event "Arber Seniors op 10th"]
[White "Rabus, Berthold"]
[Black "Reuter, Roland"]
[Site "Bodenmais"]
[Round "2"]
[Result "1/2-1/2"]
[Date "2023.08.06"]
[WhiteElo "2131"]
[BlackElo "1847"]
[PlyCount "88"]
[EventDate "2023.08.05"]
[EventType "swiss"]
[EventRounds "9"]
[EventCountry "GER"]
[SourceTitle "EXT 2024"]
[Source "ChessBase"]
[SourceDate "2023.10.10"]
[SourceVersion "1"]
[SourceVersionDate "2023.10.10"]
[SourceQuality "1"]

1. d4 Nf6 2. c4 g6 3. Nf3 Bg7 4. g3 0-0 5. Bg2 d5 6. 0-0 Bf5 7. Nc3 c6 8. cxd5 Nxd5 9. Qb3 Nb6 10. Bf4 a5 11. e4 Bd7 12. Rac1 Na6 13. Rfd1 Rc8 14. Be3 Bg4 15. h3 Bd7 16. a3 c5 17. d5 a4 18. Qc2 Nc4 19. Bf4 b5 20. Nxa4 Qa5 21. Nc3 b4 22. axb4 cxb4 23. Ra1 Qb6 24. b3 Bxc3 25. bxc4 Bxa1 26. Rxa1 Nc5 27. Be3 b3 28. Qb2 f6 29. Nd2 Qb4 30. Bf1 Ba4 31. Be2 Rc7 32. Kg2 Rd8 33. h4 Kf7 34. h5 Rh8 35. e5 e6 36. dxe6+ Nxe6 37. exf6 Rd8 38. Bf3 Rdd7 39. Bd5 Bc6 40. Qxb3 Qxb3 41. Nxb3 Bxd5+ 42. cxd5 Rxd5 43. hxg6+ hxg6 44. Ra6 Rd3 1/2-1/2

[Event "Bayern-chI Bank Hofmann 22nd"]
[White "Slugin, Sergey"]
[Black "Reuter, Roland"]
[Site "Tegernsee"]
[Round "8"]
[Result "1-0"]
[Date "2018.11.03"]
[WhiteElo "2362"]
[BlackElo "1916"]
[PlyCount "51"]
[EventDate "2018.10.27"]
[EventType "swiss"]
[EventRounds "9"]
[EventCountry "GER"]
[SourceTitle "CBM 187 Extra"]
[Source "ChessBase"]
[SourceDate "2018.11.04"]
[SourceVersion "1"]
[SourceVersionDate "2018.11.04"]
[SourceQuality "1"]

1. d4 Nf6 2. c4 e6 3. g3 d5 4. Bg2 Be7 5. Nf3 0-0 6. 0-0 Nbd7 7. Nc3 c6 8. Qd3 b6 9. Rd1 a5 10. e4 dxe4 11. Nxe4 Ba6 12. b3 Qc8 13. Nxf6+ Bxf6 14. Ng5 g6 15. Qe4 Qd8 16. Qh4 Bxg5 17. Bxg5 Qc8 18. d5 cxd5 19. cxd5 e5 20. Rac1 Qb8 21. Bh6 Rd8 22. d6 Ra7 23. Rc7 Rxc7 24. dxc7 Qxc7 25. Qe7 Be2 26. Bd5 1-0

[Event "Arber op 7th"]
[White "Wacker, Andreas"]
[Black "Reuter, Roland"]
[Site "Bodenmais"]
[Round "7"]
[Result "1-0"]
[Date "2018.08.03"]
[WhiteElo "1824"]
[BlackElo "1953"]
[PlyCount "61"]
[EventDate "2018.07.28"]
[EventType "swiss"]
[EventRounds "9"]
[EventCountry "GER"]
[SourceTitle "CBM 185 Extra"]
[Source "ChessBase"]
[SourceDate "2018.07.29"]
[SourceVersion "1"]
[SourceVersionDate "2018.07.29"]
[SourceQuality "1"]

1. e4 e5 2. Nf3 Nc6 3. Bc4 Nf6 4. d3 Be7 5. 0-0 0-0 6. c3 d6 7. Re1 Na5 8. Bb3 Nxb3 9. Qxb3 Rb8 10. d4 exd4 11. cxd4 c5 12. dxc5 Be6 13. Qc2 dxc5 14. Bf4 Rc8 15. Nc3 Qa5 16. Ng5 Ng4 17. Nxe6 fxe6 18. Bg3 c4 19. e5 Rf5 20. Qe4 h5 21. h3 Nh6 22. Qxb7 Rc7 23. Qb5 Bb4 24. Qe8+ Kh7 25. Qxe6 Bxc3 26. bxc3 Qxc3 27. Qd6 Qa5 28. e6 Rc8 29. e7 Qa4 30. Qd8 Qe8 31. Qxc8 1-0

[Event "Arber op 7th"]
[White "Kochendoerfer, Juergen"]
[Black "Reuter, Roland"]
[Site "Bodenmais"]
[Round "3"]
[Result "0-1"]
[Date "2018.07.30"]
[WhiteElo "1776"]
[BlackElo "1953"]
[PlyCount "94"]
[EventDate "2018.07.28"]
[EventType "swiss"]
[EventRounds "9"]
[EventCountry "GER"]
[SourceTitle "CBM 185 Extra"]
[Source "ChessBase"]
[SourceDate "2018.07.29"]
[SourceVersion "1"]
[SourceVersionDate "2018.07.29"]
[SourceQuality "1"]

1. b3 d5 2. Bb2 c5 3. e3 Nc6 4. Bb5 Nf6 5. Nf3 a6 6. Bxc6+ bxc6 7. h3 e6 8. 0-0 Bd6 9. d3 0-0 10. Re1 Be7 11. Nbd2 a5 12. a4 Ba6 13. c4 Qb6 14. Rb1 Rad8 15. d4 Nd7 16. Qc2 Bf6 17. cxd5 cxd5 18. dxc5 Qxc5 19. Qxc5 Nxc5 20. Bxf6 gxf6 21. Nd4 Rc8 22. e4 Bd3 23. Rb2 Bxe4 24. Nxe4 Nxe4 25. b4 Rc4 26. Nc2 axb4 27. f3 Nc5 28. Ra1 b3 29. Ne3 Rxa4 30. Rxa4 Nxa4 31. Rxb3 Rc8 32. Kf2 Kg7 33. Rb4 Nc5 34. Rg4+ Kf8 35. Rh4 Ke7 36. Rxh7 d4 37. Nd1 Nd3+ 38. Kg3 Rc2 39. Rg7 Rd2 40. h4 Rxd1 41. Kh2 Nf4 42. g4 Kf8 43. Rh7 Kg8 44. Rh6 Kg7 45. g5 fxg5 46. hxg5 d3 47. Kg3 Rg1+ 0-1

[Event "Mittelfranken-chTB1 1718"]
[White "Shen, Julian"]
[Black "Reuter, Roland"]
[Site "Mittelfranken"]
[Round "9.6"]
[Result "1/2-1/2"]
[Date "2018.05.06"]
[WhiteElo "1893"]
[BlackElo "1858"]
[PlyCount "53"]
[EventDate "2017.10.08"]
[EventType "team-tourn"]
[EventRounds "9"]
[EventCountry "GER"]
[SourceTitle "EXT 2022"]
[Source "ChessBase"]
[SourceDate "2021.10.06"]
[SourceVersion "1"]
[SourceVersionDate "2021.10.06"]
[SourceQuality "1"]
[WhiteTeam "Rothenburg"]
[BlackTeam "Muehlhof/Schwabach"]
[WhiteTeamCountry "GER"]
[BlackTeamCountry "GER"]

1. e4 e5 2. Nf3 Nc6 3. d4 exd4 4. Bc4 Be7 5. Nxd4 Bf6 6. Be3 Nge7 7. Nc3 0-0 8. 0-0 d6 9. f4 Nxd4 10. Bxd4 Nc6 11. Bxf6 Qxf6 12. Rb1 Be6 13. Nd5 Bxd5 14. exd5 Ne7 15. c3 Nf5 16. Qf3 Rfe8 17. Rbe1 Re7 18. Qf2 a6 19. Rxe7 Nxe7 20. Re1 Kf8 21. Qe2 b5 22. Bb3 Rb8 23. g3 g6 24. Qe4 h5 25. Re2 Nf5 26. a3 Kg7 27. Bc2 1/2-1/2

[Event "Arber op 6th"]
[White "Reuter, Roland"]
[Black "Desoye, Gernot"]
[Site "Bodenmais"]
[Round "7"]
[Result "1-0"]
[Date "2017.08.04"]
[WhiteElo "1960"]
[BlackElo "1776"]
[PlyCount "55"]
[EventDate "2017.07.29"]
[EventType "swiss"]
[EventRounds "9"]
[EventCountry "GER"]
[SourceTitle "CBM 179 Extra"]
[Source "ChessBase"]
[SourceDate "2017.08.23"]
[SourceVersion "1"]
[SourceVersionDate "2017.08.23"]
[SourceQuality "1"]

1. e4 c5 2. f4 Nc6 3. Nc3 a6 4. Nf3 d6 5. a4 Nf6 6. Bc4 Bg4 7. d3 Nd4 8. Be3 Nxf3+ 9. gxf3 Be6 10. Bxe6 fxe6 11. Qd2 g6 12. Rg1 Qd7 13. e5 Nd5 14. Ne4 Bg7 15. h4 0-0-0 16. Ra3 Rdf8 17. Rb3 Bh6 18. Rg4 Rf7 19. c4 Nxe3 20. Qxe3 Rhf8 21. exd6 exd6 22. Rb6 Bxf4 23. Rxf4 Rxf4 24. Nxd6+ Kd8 25. Nxb7+ Ke7 26. Nxc5 Rxf3 27. Rxe6+ Kd8 28. Qg5+ 1-0

[Event "Mittelfranken-chTB1 1617"]
[White "Sikorsky, Horst"]
[Black "Reuter, Roland"]
[Site "Mittelfranken"]
[Round "2.6"]
[Result "1/2-1/2"]
[Date "2016.11.13"]
[WhiteElo "1876"]
[BlackElo "1861"]
[PlyCount "71"]
[EventDate "2016.10.23"]
[EventType "team-tourn"]
[EventRounds "9"]
[EventCountry "GER"]
[SourceTitle "EXT 2022"]
[Source "ChessBase"]
[SourceDate "2021.10.06"]
[SourceVersion "1"]
[SourceVersionDate "2021.10.06"]
[SourceQuality "1"]
[WhiteTeam "Gunzenhausen"]
[BlackTeam "Muehlhof/Schwabach"]
[WhiteTeamCountry "GER"]
[BlackTeamCountry "GER"]

1. e4 c5 2. Nf3 d6 3. d4 cxd4 4. Nxd4 Nf6 5. Nc3 g6 6. Be3 Bg7 7. f3 Bd7 8. Bc4 Nc6 9. Qd2 Rc8 10. Bb3 a6 11. 0-0-0 Qa5 12. g4 Ne5 13. h4 Nc4 14. Bxc4 Rxc4 15. Nb3 Qd8 16. Bh6 Bxh6 17. Qxh6 Qb6 18. Qd2 Be6 19. h5 Rf8 20. Nd4 gxh5 21. Nxe6 fxe6 22. g5 Nd7 23. f4 Nc5 24. Qe2 Rxc3 25. bxc3 Rxf4 26. Rd4 e5 27. Rb4 Qc6 28. Qxh5+ Kd7 29. Qh3+ Kc7 30. Qxh7 Nd3+ 31. Kb1 Nxb4 32. Qxe7+ Kb6 33. cxb4 Rxe4 34. Rd1 Rxb4+ 35. Kc1 Qc3 36. Qxd6+ 1/2-1/2

[Event "Mittelfranken-chTB1 1617"]
[White "Ahlich, Thomas"]
[Black "Reuter, Roland"]
[Site "Mittelfranken"]
[Round "1.6"]
[Result "1/2-1/2"]
[Date "2016.10.23"]
[WhiteElo "1813"]
[BlackElo "1861"]
[PlyCount "73"]
[EventDate "2016.10.23"]
[EventType "team-tourn"]
[EventRounds "9"]
[EventCountry "GER"]
[SourceTitle "EXT 2022"]
[Source "ChessBase"]
[SourceDate "2021.10.06"]
[SourceVersion "1"]
[SourceVersionDate "2021.10.06"]
[SourceQuality "1"]
[WhiteTeam "Nuernberg Zabo Eintracht"]
[BlackTeam "Muehlhof/Schwabach"]
[WhiteTeamCountry "GER"]
[BlackTeamCountry "GER"]

1. Nf3 Nf6 2. c4 g6 3. g3 Bg7 4. Bg2 0-0 5. 0-0 c5 6. Nc3 Nc6 7. Rb1 d6 8. a3 Bf5 9. d3 Qd7 10. Re1 a5 11. b3 Bh3 12. Bh1 h6 13. Bb2 Qg4 14. Qc2 Qh5 15. e3 Rab8 16. Ne2 g5 17. Nd2 Bd7 18. f3 e5 19. Ne4 Nxe4 20. dxe4 Rfd8 21. Rbd1 Qg6 22. g4 Ne7 23. Rd2 Bc6 24. a4 Qe6 25. Ng3 Bf8 26. Red1 b6 27. Bg2 Rd7 28. Kf2 Rbd8 29. Rh1 Ng6 30. Nf5 Bg7 31. Bf1 Bb7 32. Kg3 Ne7 33. Nxg7 Kxg7 34. h4 Ng6 35. h5 Ne7 36. f4 f6 37. f5 1/2-1/2

[Event "Pyramiden Franken Cup"]
[White "Moehn, Hans"]
[Black "Reuter, Roland"]
[Site "Fuerth"]
[Round "1"]
[Result "1-0"]
[Date "2015.09.03"]
[WhiteElo "2389"]
[BlackElo "2000"]
[PlyCount "101"]
[EventDate "2015.09.03"]
[EventType "swiss"]
[EventRounds "7"]
[EventCountry "GER"]
[SourceTitle "EXT 2016"]
[Source "ChessBase"]
[SourceDate "2015.10.08"]
[SourceVersion "1"]
[SourceVersionDate "2015.10.08"]
[SourceQuality "1"]

1. Nf3 c5 2. c4 Nf6 3. g3 g6 4. Bg2 Bg7 5. 0-0 0-0 6. d4 cxd4 7. Nxd4 Nc6 8. Nc3 Nxd4 9. Qxd4 d6 10. Qd3 Rb8 11. Bf4 Bd7 12. c5 dxc5 13. Bxb8 Qxb8 14. Rac1 b6 15. Rfd1 Qc8 16. b3 Be6 17. Nd5 Nxd5 18. Bxd5 Bf5 19. Be4 Be6 20. Bd5 Bf5 21. Be4 Be6 22. Rd2 Be5 23. Qb5 Kg7 24. b4 Bd6 25. bxc5 Bxc5 26. Rcd1 Qc7 27. Qb2+ f6 28. Kg2 a5 29. e3 a4 30. Bd5 a3 31. Qb3 Bc8 32. Qc3 Qd7 33. Kg1 Qf5 34. Qc4 Qe5 35. Qe4 Qc7 36. h4 Bf5 37. Qf4 Bd6 38. Qc4 Qxc4 39. Bxc4 Rc8 40. Bd5 b5 41. Kg2 Bb4 42. Re2 Rc7 43. e4 Bc8 44. Bb3 Bc3 45. Rd8 Bb7 46. f3 h5 47. Re3 Be5 48. Red3 Bd6 49. Rd2 Rc3 50. R2xd6 exd6 51. Rd7+ 1-0

[Event "Forchheim op-A 13th"]
[White "Reuter, Roland"]
[Black "Kirchhof, Arno"]
[Site "Forchheim"]
[Round "5"]
[Result "1-0"]
[Date "2014.10.05"]
[WhiteElo "1998"]
[BlackElo "2053"]
[PlyCount "99"]
[EventDate "2014.10.03"]
[EventType "swiss"]
[EventRounds "5"]
[EventCountry "GER"]
[SourceTitle "EXT 2019"]
[Source "ChessBase"]
[SourceDate "2018.10.10"]
[SourceVersion "1"]
[SourceVersionDate "2018.10.10"]
[SourceQuality "1"]

1. Nf3 d5 2. c4 c6 3. d4 Nf6 4. Nc3 g6 5. Bf4 Bg7 6. e3 Nbd7 7. h3 0-0 8. Qc2 dxc4 9. Bxc4 Nb6 10. Bb3 Nbd5 11. Nxd5 Nxd5 12. Bg3 Nf6 13. Nd2 Qa5 14. 0-0 Rd8 15. Nc4 Qh5 16. Ne5 Rf8 17. Qc5 Ne4 18. Qxe7 Bf6 19. Bxf7+ Kg7 20. Bxg6+ Bxe7 21. Bxh5 Nxg3 22. fxg3 Be6 23. Be2 Bd6 24. Bg4 Bxe5 25. Bxe6 Bxg3 26. Rxf8 Rxf8 27. Rf1 Re8 28. Rf3 Bd6 29. Bb3 Re7 30. Kf2 c5 31. Rf5 b6 32. Kf3 cxd4 33. exd4 h6 34. g4 Bh2 35. h4 Bg1 36. Rf4 Rd7 37. d5 Bc5 38. g5 hxg5 39. hxg5 Bd6 40. Re4 Bc5 41. Kg4 a5 42. a4 Rd8 43. Re6 Rf8 44. Bc4 Rf2 45. Re2 Rf8 46. b3 Rf7 47. Re6 Rf2 48. Rc6 Rf8 49. Rc7+ Rf7 50. d6 1-0

[Event "Forchheim op-A 13th"]
[White "Kolthoff, Siegmund"]
[Black "Reuter, Roland"]
[Site "Forchheim"]
[Round "1"]
[Result "1-0"]
[Date "2014.10.03"]
[WhiteElo "2073"]
[BlackElo "1998"]
[PlyCount "113"]
[EventDate "2014.10.03"]
[EventType "swiss"]
[EventRounds "5"]
[EventCountry "GER"]
[SourceTitle "EXT 2019"]
[Source "ChessBase"]
[SourceDate "2018.10.10"]
[SourceVersion "1"]
[SourceVersionDate "2018.10.10"]
[SourceQuality "1"]

1. Nf3 d5 2. c4 e6 3. g3 Nf6 4. Bg2 Be7 5. 0-0 0-0 6. b3 c5 7. e3 Nc6 8. Bb2 Qc7 9. Nc3 a6 10. cxd5 exd5 11. d4 Bf5 12. dxc5 Nb4 13. Nd4 Bg6 14. Ba3 Bxc5 15. Bxb4 Bxb4 16. Nxd5 Nxd5 17. Bxd5 Rad8 18. Qf3 Rd7 19. Rac1 Qb8 20. Be4 Ba3 21. Rcd1 Qe5 22. Bxg6 hxg6 23. Nc2 Rxd1 24. Rxd1 Qb2 25. Nxa3 Qxa3 26. Qxb7 Qxa2 27. Rd4 Qe2 28. Rd6 a5 29. Qd5 Rc8 30. Rd8+ Rxd8 31. Qxd8+ Kh7 32. Qd5 f6 33. Kg2 Qa2 34. Qc4 g5 35. h4 gxh4 36. Qxh4+ Kg6 37. Qc4 Qd2 38. e4 Qa2 39. Qe6 Qe2 40. Qf5+ Kf7 41. g4 Qc2 42. Qd5+ Ke7 43. g5 Qe2 44. Kg3 Qe1 45. Kf3 Qh1+ 46. Ke2 Qh5+ 47. Ke3 fxg5 48. Qxa5 Qh3+ 49. f3 Qg3 50. Qf5 Qe1+ 51. Kd3 Qd1+ 52. Kc3 Qe1+ 53. Kc4 Qe2+ 54. Kb4 Qe1+ 55. Kb5 Qe2+ 56. Kb6 Qe3+ 57. Qc5+ 1-0